MARC details
| 000 -CABECERA |
| campo de control de longitud fija |
02238cam a2200373 a 4500 |
| 001 - NÚMERO DE CONTROL |
| campo de control |
000013561 |
| 003 - IDENTIFICADOR DEL NÚMERO DE CONTROL |
| campo de control |
DO-SdBNP |
| 005 - FECHA Y HORA DE LA ÚLTIMA TRANSACCIÓN |
| campo de control |
20250421111014.0 |
| 008 - DATOS DE LONGITUD FIJA--INFORMACIÓN GENERAL |
| campo de control de longitud fija |
941019s1993 ck b 000 0 spa d |
| 020 ## - NÚMERO INTERNACIONAL ESTÁNDAR DEL LIBRO |
| Número Internacional Estándar del Libro |
9586015211 |
| 040 ## - FUENTE DE LA CATALOGACIÓN |
| Centro catalogador/agencia de origen |
DO-SdBNP |
| Lengua de catalogación |
spa |
| Centro/agencia transcriptor |
BNPHU |
| 082 ## - NÚMERO DE LA CLASIFICACIÓN DECIMAL DEWEY |
| Número de clasificación |
338.18861 |
| Número de documento/Ítem |
C737 |
| 245 00 - MENCIÓN DE TÍTULO |
| Título |
Competitividad sin pobreza : |
| Resto del título |
estudios para el desarrollo del campo en Colombia / |
| Mención de responsabilidad, etc. |
coordinadores ; Clara González y Carlos Felipe Jaramillo ; prólogo, Armando Montenegro ; traducción, Jimena Rueda ... [et al.]. |
| 260 ## - PUBLICACIÓN, DISTRIBUCIÓN, ETC. |
| Lugar de publicación, distribución, etc. |
Santafé de Bogotá, Colombia : |
| Nombre del editor, distribuidor, etc. |
Departamento Nacional de Planeación, |
| Fecha de publicación, distribución, etc. |
1993. |
| 300 ## - DESCRIPCIÓN FÍSICA |
| Extensión |
xii, 530 p. ; |
| Dimensiones |
23 cm. |
| 490 0# - MENCIÓN DE SERIE |
| Mención de serie |
Economía agraria |
| 500 ## - NOTA GENERAL |
| Nota general |
Incluye referencias bibliográficas y notas al pie de las páginas |
| 520 1# - SUMARIO, ETC. |
| Sumario, etc. |
"Serie de documentos encargados por la Nacional de Colombia Departamento de Planificación Contiene recomendaciones para la política agrícola en la década de 1990 y más allá, basado en tres estrategias principales: 1) una política macroeconómica prudente, 2) un aumento de la competitividad impulsada por la inversión de infraestructura y el fortalecimiento de la mecanismos para generar y transferir tecnología, y 3) la inversión social para mejorar el capital humano y reducir la pobreza. Varios artículos técnicos de expertos sobre el terreno justificar estas recomendaciones "- Handbook of Latin American Studies, v. 57. |
| 650 #4 - PUNTO DE ACCESO ADICIONAL DE MATERIA--TÉRMINO DE MATERIA |
| Término de materia o nombre geográfico como elemento de entrada |
Agricultura |
| Subdivisión general |
Aspectos económicos |
| Subdivisión geográfica |
Colombia |
| 9 (RLIN) |
30378 |
| 650 #4 - PUNTO DE ACCESO ADICIONAL DE MATERIA--TÉRMINO DE MATERIA |
| Término de materia o nombre geográfico como elemento de entrada |
Colombia |
| Subdivisión general |
Condiciones económicas |
| Subdivisión cronológica |
1970- |
| 9 (RLIN) |
30899 |
| 650 #4 - PUNTO DE ACCESO ADICIONAL DE MATERIA--TÉRMINO DE MATERIA |
| Término de materia o nombre geográfico como elemento de entrada |
Desarrollo rural |
| Subdivisión geográfica |
Colombia |
| 9 (RLIN) |
30602 |
| 651 #4 - PUNTO DE ACCESO ADICIONAL DE MATERIA--NOMBRE GEOGRÁFICO |
| Nombre geográfico |
Colombia |
| Subdivisión general |
Condiciones rurales |
| 9 (RLIN) |
30601 |
| 700 1# - PUNTO DE ACCESO ADICIONAL--NOMBRE DE PERSONA |
| Nombre de persona |
Jaramillo, Carlos Felipe. |
| 9 (RLIN) |
27291 |
| 700 1# - PUNTO DE ACCESO ADICIONAL--NOMBRE DE PERSONA |
| Nombre de persona |
González, Clara. |
| 9 (RLIN) |
30901 |
| 700 1# - PUNTO DE ACCESO ADICIONAL--NOMBRE DE PERSONA |
| Nombre de persona |
Montenegro, Armancdo |
| Término indicativo de función/relación |
prólogo |
| 9 (RLIN) |
30904 |
| 700 1# - PUNTO DE ACCESO ADICIONAL--NOMBRE DE PERSONA |
| Nombre de persona |
Rueda, Jimena |
| Término indicativo de función/relación |
traductor |
| 9 (RLIN) |
30905 |
| 700 1# - PUNTO DE ACCESO ADICIONAL--NOMBRE DE PERSONA |
| Nombre de persona |
Madrid, José |
| Término indicativo de función/relación |
traductor |
| 9 (RLIN) |
30906 |
| 700 1# - PUNTO DE ACCESO ADICIONAL--NOMBRE DE PERSONA |
| Nombre de persona |
Gómez, José Luis |
| Término indicativo de función/relación |
traductro |
| 9 (RLIN) |
30907 |
| 710 2# - PUNTO DE ACCESO ADICIONAL--NOMBRE DE ENTIDAD CORPORATIVA |
| Nombre de entidad corporativa o nombre de jurisdicción como elemento de entrada |
Departamento Nacional de Planeacion |
| 9 (RLIN) |
30900 |
| 710 1# - PUNTO DE ACCESO ADICIONAL--NOMBRE DE ENTIDAD CORPORATIVA |
| Nombre de entidad corporativa o nombre de jurisdicción como elemento de entrada |
Colombia. |
| Unidad subordinada |
Departamento Nacional de Planeación. |
| 9 (RLIN) |
30902 |
| 710 1# - PUNTO DE ACCESO ADICIONAL--NOMBRE DE ENTIDAD CORPORATIVA |
| Nombre de entidad corporativa o nombre de jurisdicción como elemento de entrada |
Colombia. |
| Unidad subordinada |
Ministerio de Hacienda y Crédito Público. |
| 9 (RLIN) |
30903 |
| 740 0# - PUNTO DE ACCESO ADICIONAL--TÍTULO RELACIONADO O ANALÍTICO NO CONTROLADO |
| Título relacionado o analítico no controlado |
Estudios para el desarrollo del campo en Colombia. |
| 942 ## - ELEMENTOS DE PUNTO DE ACCESO ADICIONAL (KOHA) |
| Fuente del sistema de clasificación o colocación |
Dewey Decimal Classification |
| Tipo de ítem Koha |
Libro |